[Event "Mittelfranken Landesliga Sued 2223"]
[Site "Mittelfranken"]
[Date "2023.03.05"]
[Round "7.4"]
[White "Szalewa, Sven"]
[Black "Czap, Bernard"]
[Result "1/2-1/2"]
[WhiteElo "2066"]
[BlackElo "2085"]
[PlyCount "71"]
[EventDate "2022.10.09"]
[EventType "team-tourn"]
[EventRounds "9"]
[EventCountry "GER"]
[SourceTitle "EXT 2024"]
[Source "ChessBase"]
[SourceDate "2023.10.10"]
[SourceVersion "1"]
[SourceVersionDate "2023.10.10"]
[SourceQuality "1"]
[WhiteTeam "Starnberg"]
[BlackTeam "Unterhaching"]
[WhiteTeamCountry "GER"]
[BlackTeamCountry "GER"]

1. d4 d5 2. Bf4 Nf6 3. e3 e6 4. Nd2 Bd6 5. Bg3 0-0 6. Ngf3 c5 7. c3 Qc7 8. Ne5 Nbd7 9. f4 b6 10. Bd3 c4 11. Bc2 b5 12. a3 Bb7 13. Qf3 a5 14. Nxd7 Nxd7 15. e4 f5 16. e5 Be7 17. Qh5 b4 18. Bh4 Qd8 19. Bxe7 Qxe7 20. 0-0 Bc6 21. Qf3 Nb6 22. axb4 axb4 23. b3 cxb3 24. Bxb3 Ba4 25. Rfc1 Bxb3 26. Nxb3 Ra3 27. cxb4 Qxb4 28. Rxa3 Qxa3 29. Rc7 Rc8 30. Rxc8+ Nxc8 31. Qd3 Qb4 32. Nc5 Qe1+ 33. Qf1 Qe3+ 34. Qf2 Qc1+ 35. Qf1 Qe3+ 36. Qf2 1/2-1/2

[Event "Oberbayern-ch"]
[Site "Groebenzell"]
[Date "2018.05.12"]
[Round "6.10"]
[White "Heinz Leisenheimer, Matthias"]
[Black "Szalewa, Sven"]
[Result "1/2-1/2"]
[WhiteElo "1913"]
[BlackElo "2041"]
[PlyCount "116"]
[EventDate "2018.05.10"]
[EventType "swiss"]
[EventRounds "7"]
[EventCountry "GER"]
[SourceTitle "EXT 2022"]
[Source "ChessBase"]
[SourceDate "2021.10.06"]
[SourceVersion "1"]
[SourceVersionDate "2021.10.06"]
[SourceQuality "1"]

1. d4 e6 2. c4 Nf6 3. Nc3 Bb4 4. e3 0-0 5. Bd3 d5 6. Nf3 c5 7. 0-0 cxd4 8. exd4 dxc4 9. Bxc4 b6 10. Bf4 Bb7 11. Qd3 Nbd7 12. a3 Be7 13. Rfe1 Rc8 14. Ba6 Re8 15. Bxb7 Nc5 16. Qb5 Nxb7 17. Rad1 Nd6 18. Qb3 Nc4 19. Ne5 Nd5 20. Nxc4 Nxf4 21. Ne3 Bf6 22. d5 Bxc3 23. dxe6 Bxe1 24. exf7+ Kf8 25. fxe8Q+ Qxe8 26. Rxe1 Qe4 27. f3 Qe5 28. g3 Ng6 29. Kf1 Rc5 30. Qd3 Qe6 31. Ng2 Qc4 32. Qxc4 Rxc4 33. Ne3 Rc5 34. Ke2 Rc7 35. Rd1 Ne5 36. f4 Nd7 37. Rd2 Nc5 38. Rd8+ Kf7 39. Ng4 Ne6 40. Ne5+ Ke7 41. Rd2 a5 42. b4 axb4 43. axb4 Nd8 44. b5 Ne6 45. Kf3 Nc5 46. Nc4 Na4 47. Rd4 Nc3 48. Nxb6 Nxb5 49. Nd5+ Kf7 50. Nxc7 Nxd4+ 51. Ke4 Ne2 52. g4 Nc1 53. Nd5 Nb3 54. Ke5 Nd2 55. f5 Nf3+ 56. Kf4 Nxh2 57. Ne3 g6 58. fxg6+ Kxg6 1/2-1/2

[Event "Oberbayern Bezirksliga 1718"]
[Site "Germany"]
[Date "2017.11.12"]
[Round "2.4"]
[White "Ipfelkofer, Frank"]
[Black "Szalewa, Sven"]
[Result "1/2-1/2"]
[WhiteElo "2151"]
[BlackElo "2042"]
[PlyCount "48"]
[EventDate "2017.10.22"]
[EventType "team-tourn"]
[EventRounds "9"]
[EventCountry "GER"]
[SourceTitle "EXT 2019"]
[Source "ChessBase"]
[SourceDate "2018.10.10"]
[SourceVersion "1"]
[SourceVersionDate "2018.10.10"]
[SourceQuality "1"]
[WhiteTeam "Gauting"]
[BlackTeam "Starnberg"]
[WhiteTeamCountry "GER"]
[BlackTeamCountry "GER"]

1. e4 e6 2. d3 d5 3. Nd2 Nf6 4. g3 Nc6 5. Bg2 Bc5 6. Ngf3 dxe4 7. dxe4 e5 8. 0-0 0-0 9. Qe2 Bg4 10. Qb5 Bb6 11. c3 a6 12. Qa4 Qd3 13. h3 Bh5 14. g4 Bg6 15. Nh4 Ba7 16. Nxg6 hxg6 17. Qc4 Rfd8 18. Re1 Qc2 19. Qe2 Rd7 20. Nf1 Qxe2 21. Rxe2 Rd1 22. Kh2 Rad8 23. Ne3 R1d7 24. Nd5 Ne7 1/2-1/2

[Event "Regionalliga SO 0910"]
[Site "Bayern"]
[Date "2010.02.28"]
[Round "7.4"]
[White "Szalewa, Sven"]
[Black "Schmaus, Horst"]
[Result "1-0"]
[WhiteElo "2048"]
[BlackElo "1990"]
[PlyCount "61"]
[EventDate "2009.10.18"]
[EventType "team-tourn"]
[EventRounds "9"]
[EventCountry "GER"]
[SourceTitle "EXT 2011"]
[Source "ChessBase"]
[SourceDate "2010.11.26"]
[SourceVersion "1"]
[SourceVersionDate "2010.11.26"]
[SourceQuality "1"]
[WhiteTeam "Starnberg"]
[BlackTeam "Landshut"]
[WhiteTeamCountry "GER"]
[BlackTeamCountry "GER"]

1. d4 Nf6 2. Nf3 g6 3. c4 Bg7 4. Nc3 0-0 5. e4 d6 6. h3 e5 7. d5 a5 8. Bg5 Na6 9. Be2 Qe8 10. g4 Nd7 11. Rg1 Ndc5 12. h4 f6 13. Be3 Qe7 14. h5 g5 15. a3 Bd7 16. b3 h6 17. Qb1 Be8 18. Nd2 Bf7 19. f3 Rfc8 20. Kf2 c6 21. Rc1 cxd5 22. cxd5 Be8 23. Nc4 Qc7 24. b4 axb4 25. axb4 Nd7 26. Nb5 Qb8 27. Nbxd6 Rd8 28. Nxe8 Rxe8 29. b5 Nac5 30. Rxa8 Qxa8 31. Nd6 1-0